Basics of video production

Αποθηκεύτηκε σε:
Λεπτομέρειες βιβλιογραφικής εγγραφής
Κύριος συγγραφέας: Lyver, Des
Άλλοι συγγραφείς: Swainson, Graham
Μορφή: Βιβλίο
Γλώσσα:English
Δημοσίευση: Oxford : Focal Press, 1999
Έκδοση:2nd ed.
Θέματα:
Ετικέτες: Προσθήκη ετικέτας
Δεν υπάρχουν, Καταχωρήστε ετικέτα πρώτοι!

MARC

LEADER 00000nam a2200000 i 4500
001 1/76848
008 050523s1999 eng d
020 |a 0-240-51560-9 
035 |l 10078094 
040 |a GR-MY-UA  |b gre  |e aacr 
041 0 |a eng 
082 0 |a 791.450232  |2 (22) 
100 1 |a Lyver, Des. 
245 1 0 |a Basics of video production /  |c Des Lyver and Fraham Swainson 
250 |a 2nd ed. 
260 |a Oxford :   |b Focal Press,   |c 1999 
300 |a viii, 150 σ.;  |b πίν.;  |c 22 εκ. 
504 |a Περιέχει ευρετήριο 
650 0 0 |a Video recordings  |x Production and direction. 
700 1 |a Swainson, Graham. 
852 |a INST  |b LESVOS  |e 20050523  |h 791.450232 BAS  |p 005100027669  |q 005100027669  |t BK  |y 0 
901 |a BIBL1-2005-2 
909 |a Λ  |b 113500 
920 |a ΔΙΕΥΡΥΝΣΗ  |b ΕΠΕΑΕΚ-ΠΤΕ  |y ΛΕΣΒΟΣ  |z 2004-09 
970 |a ΜΑΡΙΝΑΤΟΥ  |b ΜΥΡΣΙΝΗ  |z 2005/05/23